00395cam a22000977a 4500008004000000082001600040245012500056260005000181300001300231700005300244180718b1955 xxu||||| |||| 00| 0 eng d aQ503x42 Un3 aReported decisions of the commissioner under the national insurance actscby Ministry of Pensions and National Insurance aLondonbHer Majesty's Stationery Officec1955 a1v. v.p. aU.K. Ministry of Pensions and National Insurance